Le choix des horaires
Gardado en:
| Autor Principal: | |
|---|---|
| Formato: | Libro |
| Idioma: | francés |
| Publicado: |
París
Editions du Centre national de la Recherche Scientifique
1983
|
| Series: | Monographies Francaises de Psychologie
|
| Subjects: | |
| Tags: |
Engadir etiqueta
Sen Etiquetas, Sexa o primeiro en etiquetar este rexistro!
|
MARC
| LEADER | 00000nam a2200000 a 4500 | ||
|---|---|---|---|
| 001 | UCY9696 | ||
| 003 | CL-VaPUC | ||
| 008 | 950720e19830000FR |||||||||||||||||fre|d | ||
| 082 | 0 | 4 | |a 158.7 |b LEV |2 21 |
| 100 | |a Levy-Leboyer, Claude |e author |9 590696 | ||
| 245 | 1 | 3 | |a Le choix des horaires |
| 246 | 1 | 0 | |a Contribution a l'etude des motivations dans le travail |
| 300 | |a 74 p | ||
| 942 | |c BK | ||
| 945 | |d 19950720 00:00:00 |a rbrito | ||
| 260 | |a París |b Editions du Centre national de la Recherche Scientifique |c 1983 | ||
| 650 | 7 | |a TIEMPO DE TRABAJO |2 CL-VaPUC |9 342231 | |
| 650 | 0 | |a Actitud en el trabajo |9 334791 | |
| 650 | 7 | |a PSICOLOGIA OCUPACIONAL |2 CL-VaPUC |9 334638 | |
| 650 | 7 | |a SATISFACCION EN EL TRABAJO |2 CL-VaPUC |9 334792 | |
| 650 | 7 | |a CONDICIONES DE EMPLEO |2 CL-VaPUC |9 342232 | |
| 583 | |a last modification |c 19950720 00:00:00 |k Rodrigo Vera | ||
| 490 | 0 | |a Monographies Francaises de Psychologie | |
| 999 | |c 236742 |d 236740 | ||
| 952 | |0 0 |1 0 |4 0 |6 158_700000000000000_LEV_1983 |7 0 |8 A |9 245058 |a BIBEDU |b BIBEDU |d 2019-11-18 |i 3108325 |o 158.7 LEV 1983 |p 3108325 |r 2019-11-18 |w 2019-11-18 |y BK |k PSI | ||